00270pam a2200109 a 4500020000500000041000500005082000800010100001800018245007100036260004200107300001100149 c h bCHA aChatterji, M. aEnvironmental And Health In Dveloping CountrieshTextual Documents aMumbaibA P H Publication Corporation a422/CB